| 000 | 00986nam a2200277Ia 4500 | ||
|---|---|---|---|
| 003 | OSt | ||
| 005 | 20221005110910.0 | ||
| 006 | a|||||r|||| 00| 0 | ||
| 007 | ta | ||
| 008 | 221004b |||||||| |||| 00| 0 hin d | ||
| 020 |
_a9788126724222 (hbk) _c250 |
||
| 024 | _a11160 | ||
| 037 |
_bBR8175, 20/03/2014, Rajkamal Prakashan Pvt. Ltd. _cTextual |
||
| 040 |
_aCRL _cCRL _bhin |
||
| 041 |
_2hin _ahin |
||
| 082 | _aO152,3NPR,SY, Q3 | ||
| 100 | _aप्रियम्वदा, उषा | ||
| 245 | 0 | _aशेष यात्रा | |
| 246 | _aSheṣh yātrā | ||
| 250 | _a2 संस्करण | ||
| 260 |
_aनई दिल्ली _bराजकमल प्रकाशन भारत _c2013 |
||
| 300 |
_a140पृ0 _ccm. |
||
| 650 | _aहिन्दी साहित्य | ||
| 942 |
_hO152,3NPR,SY, Q3 _cTEXL _2cc |
||
| 999 |
_c1020224 _d1020224 |
||